02062agaaa2200313 45000010005000000030009000050050017000140070009000310080040000400400023000800410013001031000047001161300015001632400022001782450187002002460015003872500022004022600097004243000034005215080164005555110093007195200679008125380016014915460013015076500056015207000060015767000053016367000059016892934IT-RoPAU20220918181233.0d cvaizq50131s9999||||xx ||| | || ||und|| aIT-RoPAUcIT-RoPAU aITALIANO aPollack SydneygCodice regista SPICS: 1628 aSOCIO (IL) aFIRM (THE)gT2771 aSOCIO (IL)cProdotto da: Davis John Scott R. -- Sceneggiatura: Rabe David Towne Robert Rayfield David -- Diretto da: Pollack SydneypSOCIO (IL) (Rif. Codice opera principale : C2934) aFIRM (THE) aEdizione Standard a(USA)bPARAMOUNT / Distribuzione: CIC VIDEOg"1993 (1° ed.: 1993 ; Ed. Lingua Orig.: 1993)" aVHSbsonoro, col.c145 minuti a"Fotografia: Seale John; Montaggio: Steinkamp W.; Musica: Grusin Dave; Sceneggiatura: Rabe David Towne Robert Rayfield David; Scenografia: Macdonald Richard; " a"Cruise Tom; Hackman Gene; Tripplehorn Jeanne; Harris Ed; Hunter Holly; Hill Steven; Be" aTOM CRUISE E' MITCH MCDEERE UN AMBIZIOSO E BRILLANTE GIOVANE LAUREATO DI HARVARD CHE PER ENTRARE A FAR PARTE DI UNA PICCOLA ANCHE SE FACOLTOSA SOCIETA' DI MEMPHIS RINUNCIA A COLLABORARE CON I PIU' IMPORTANTI STUDI LEGALI DELLA CITTA' CONSENTENDO COSI' A LUI E A SUA MOGLIE DI INIZIARE UNA VITA DA SOGNO. LA FACOLTOSA SOCIETA' INFATTI GLI PROCURA SUBITO UNA MERCEDES ESTINGUEI SUOI PRESTITI UNIVERSITARI E PREDISPONE UN MUTUO PER LA SUA PRIMA CASA. MA MITCH NON IMPIEGA MOLTO A SCOPRIRE CHE LA SOCIETA' IN QUESTIONE SI STA SERVENDO DI LUI PER COPRIRE AFFARI SPORCHI E QUELLA CHE APPARIVA COME UN'OCCASIONE IRRIPETIBILE PUO' INVECE COSTARGLI LA VITA. FILM DRAMMATICO A COLORI. aPAL, STEREO aITALIANO aDRAMMATICOeFILMS [VHS]xCodice MATERIA SPICS: 9960 aGrisham John e(soggetto)gCodice Soggetto SPICS: 40809 aGrusin Davee(musica)gCodice Musica SPICS: 9602 aPollack Sydney e(regista)gCodice regista SPICS: 1628